Statistiques concernant Pays de la coupe d'asie 2024 par indices

Cliquez ici pour prendre le quiz!

Statistiques générales

  • Ce quiz a été pris 4 fois
  • Le résultat moyen est 10 sur 24

Statistiques - réponses

PoulePositionÉliminé enPays% Correct
A1Non éliminéQatar
100%
A3PoulesChine
67%
E2Demi-finaleCoree du sud
67%
B4PoulesInde
67%
D2Quart de finaleJapon
67%
B2Quart de finaleOuzbekistan
67%
F18e de finaleArabie saoudite
33%
B1Quart de finaleAustralie
33%
E18e de finaleBahrein
33%
C28e de finaleEmirats arabes unis
33%
C4PoulesHong Kong
33%
D38e de finaleIndonesie
33%
D18e de finaleIrak
33%
C1Non éliminéIran
33%
E3Non éliminéJordanie
33%
F4PoulesKirghizistan
33%
A4PoulesLiban
33%
E4PoulesMalaisie
33%
F3PoulesOman
33%
C38e de finalePalestine
33%
B38e de finaleSyrie
33%
A2Quart de finaleTadjikistan
33%
F28e de finaleThailande
33%
D4PoulesViet Nam
33%

Distribution des résultats

Percentile par nombre de réponses

% des personnes avec chaque résultat

Votre développement - résultats

Vous n’avez pas pris ce quiz